Homenaje. Salvador Allende ante el mundo /
Gorde:
| Egile nagusia: | |
|---|---|
| Formatua: | Texto |
| Gaiak: | |
| Etiketak: |
Etiketa erantsi
Etiketarik gabe, Izan zaitez lehena erregistro honi etiketa jartzen!
|
MARC
| LEADER | 00000 a a2200000 04500 | ||
|---|---|---|---|
| 001 | 18442 | ||
| 003 | |||
| 040 | |||
| 100 | |a Amorós, Mario | ||
| 245 | |a Homenaje. Salvador Allende ante el mundo / |c Mario Amorós | ||
| 650 | |a HISTORIA POLITICA | ||
| 650 | |a SOCIALISMO | ||
| 650 | |a POLITICA EXTERIOR | ||
| 650 | |a RELACIONES EXTERIORES | ||
| 650 | |a IZQUIERDA | ||
| 650 | |a IMPERIALISMO | ||
| 650 | |a AUTODETERMINACION | ||
| 650 | |a SALVADOR ALLENDE | ||
| 650 | |a CHILE | ||
| 773 | |g número 130; páginas 85-105 | ||
| 999 | |c 35506 |d 35506 | ||
